Dinosaur Names & Meanings: A - Statistics

General Stats
  • This quiz has been taken 129 times
  • The average score is 7 of 10
Answer Stats
Meaning Name % Correct
Abel’s lizard Abelisaurus
91%
Amarga lizard Amargasaurus
88%
Different lizard Allosaurus
87%
Fused lizard Ankylosaurus
70%
Ajka horned face Ajkaceratops
69%
Egypt lizard Aegyptosaurus
68%
African hunter Afrovenator
58%
Ancient bird mimic Archaeornithomimus
52%
Cruel thief Atrociraptor
44%
No-nose horned face Arrhinoceratops
36%
No matching quizzes found
Score Distribution
Percent of People with Each Score
Percentile by Number Answered
Your Score History
You have not taken this quiz